| 000 | 00740nam a2200277Ia 4500 | ||
|---|---|---|---|
| 008 | 171120s9999 xx 000 0 und d | ||
| 020 | _a9712709728 | ||
| 050 | _a338.76 | ||
| 050 | _bP193 2000 | ||
| 100 | _aPanlilio, Erlinda E. | ||
| 245 | _aTeacher to tycoon : | ||
| 245 | _bthe life and times of Trinidad Diaz Enriquez / | ||
| 245 | _cby Erlinda E. Panlilio. | ||
| 260 | _aPhilippines : | ||
| 260 | _bAnvil, | ||
| 260 | _c2000 | ||
| 300 | _a309 pages : | ||
| 300 | _billustrations ; | ||
| 300 | _c22cm. | ||
| 650 | _aEnriquez, Trinidad Diaz, -- 1908. | ||
| 650 | _aHotelkeepers -- | ||
| 650 | _aRestaurateurs -- | ||
| 650 | _xPhilippine -- Biography. | ||
| 650 | _xPhilippines -- Biography. | ||
| 700 | _aTitle. | ||
| 999 |
_c345306 _d345306 |
||